Rhyming Colors - Picture Quiz - Statistics

General Stats
  • This quiz has been taken 60 times
  • The average score is 9 of 12
Answer Stats
Picture Answer % Correct
Red bed
98%
Blue shoe
90%
Green bean
86%
Pink drink
86%
White kite
84%
Brown gown
80%
Tan fan
80%
Maroon balloon
78%
Black sack
76%
Yellow cello
72%
Grey beret
62%
Orange sporange
6%
No matching quizzes found
Score Distribution
Percent of People with Each Score
Percentile by Number Answered
Your Score History
You have not taken this quiz